| 000 | 00582cam a22001937a 4500 | ||
|---|---|---|---|
| 001 | 0000005683 | ||
| 005 | 20170406120917.0 | ||
| 008 | 830506|1978 xx 000 0 eng | ||
| 010 | _a 79980112 | ||
| 035 | _9(DLC) 79980112 | ||
| 040 |
_aDLC _cDLC _dDLC |
||
| 050 | 0 | 0 | _aMLCS 83/3123 (P) |
| 100 | 1 |
_aArmah, Ayi Kwei, _d1939-. |
|
| 245 | 1 | 4 |
_aThe healers : _ban historical novel / _cby Ayi Kwei Armah. |
| 260 |
_aNairobi, Kenya : _bEast African Pub., _c1978. |
||
| 300 | _a376 p. ; 19 cm. | ||
| 440 | 0 | _aModern African library ; 34 | |
| 852 | 1 | _9p.5.00usd | |
| 908 | _a150212 | ||
| 999 |
_c5464 _d5464 |
||